WAP systems offer instant house details (Record no. 63146)

MARC details
000 -LEADER
fixed length control field 00840cam a2200205 4500
001 - CONTROL NUMBER
control field WB3615-21
008 - FIXED-LENGTH DATA ELEMENTS--GENERAL INFORMATION
fixed length control field 000000n2000 000 0 eng u
035 ## - SYSTEM CONTROL NUMBER
System control number (Sirsi) u105322
245 ## - TITLE STATEMENT
Title WAP systems offer instant house details
260 ## - PUBLICATION, DISTRIBUTION, ETC.
Date of publication, distribution, etc. 2000
490 ## - SERIES STATEMENT
Series statement Negotiator
Volume/sequential designation 15(7) 7 April 2000, 2(1)
520 ## - SUMMARY, ETC.
Summary, etc. Housebuyers with a mobile phone using WAP (wireless application protocol) will be able to get instant house details on a new website, http://www.24hrhomes.co.uk set up by phoenixplc. A similar scheme has been launched at http://www.Underoneroof.co.uk
590 ## - LOCAL NOTE (RLIN)
Local note WB
650 ## - SUBJECT ADDED ENTRY--TOPICAL TERM
Topical term or geographic name entry element HOUSE BUYERS
650 ## - SUBJECT ADDED ENTRY--TOPICAL TERM
Topical term or geographic name entry element MOBILE PHONES
650 ## - SUBJECT ADDED ENTRY--TOPICAL TERM
Topical term or geographic name entry element PROPERTY-RESIDENTIAL PROPERTY-ACQUISITION AND DISPOSAL OF RESIDENTIAL PROPERTY
650 ## - SUBJECT ADDED ENTRY--TOPICAL TERM
Topical term or geographic name entry element WAP-ENABLED MOBILE PHONES
690 ## - LOCAL SUBJECT ADDED ENTRY--TOPICAL TERM (OCLC, RLIN)
Topical term or geographic name as entry element INFORMATION TECHNOLOGY-INTERNET
942 ## - ADDED ENTRY ELEMENTS (KOHA)
Suppress in OPAC 0
Holdings
Withdrawn status Lost status Source of classification or shelving scheme Damaged status Not for loan Home library Current library Shelving location Date acquired Total Checkouts Full call number Barcode Date last seen Copy number Price effective from Koha item type
    Dewey Decimal Classification     London London News article 12/04/2000   WB3615-21 105322-1001 06/08/2019 1 06/08/2019 News article